|
|
|
|
| LEADER |
03779nkm a22006012a 4500 |
| 001 |
mzk03001029762 |
| 003 |
CZ BrMZK |
| 005 |
20140103143106.0 |
| 007 |
kj|ho| |
| 008 |
051020s1738 gw nnn |knger d |
| 034 |
0 |
|
|a a
|d E0160200
|e E0164500
|f N0505800
|g N0504300
|
| 040 |
|
|
|a BOA001
|b cze
|
| 043 |
|
|
|a e-xr---
|b e-xr-sl
|a e-pl---
|2 czenas
|
| 072 |
|
7 |
|a 72
|x Architektura
|2 Konspekt
|9 21
|
| 072 |
|
7 |
|a 76
|x Grafické umění. Grafika
|2 Konspekt
|9 21
|
| 080 |
|
|
|a (0.026.6)76
|2 MRF
|
| 080 |
|
|
|a (084.1)
|2 MRF
|
| 080 |
|
|
|a (437.33+438)
|2 MRF
|
| 080 |
|
|
|a (438)
|2 MRF
|
| 080 |
|
|
|a 721:904
|2 MRF
|
| 080 |
|
|
|a 912.43:069.5
|2 MRF
|
| 100 |
1 |
|
|a Werner, Bedřich Bernard,
|d 1690-1778
|7 jo20010080918
|4 aut
|
| 245 |
1 |
0 |
|a Scenographia Urbium Silesiae
|n Tab. VI.
|h [grafika] :
|b das ist Vorstellung der Prospecte von den Staedten Schlesiens, Sechste Tabell, in welcher die Führnehmsten Staedte des Fürst. Schweidnitz accurat vorgestellet werden /
|c entworfen von F.B. Werner Siles. und ausgefertiget von Homaennischen Erben Cum Pr. S. C. M.
|
| 246 |
3 |
|
|a Vorstellung der Prospecte von den Staedten Schlesiens
|
| 255 |
|
|
|a Měřítko neuvedeno
|c (016°02´00" v.d.--016°45´00" v.d./050°58´00" s.š.--050°43´00" s.š.)
|
| 260 |
|
|
|a Nürnberg :
|b ausgefertiget von Homaennischen Erben,
|c 1738
|
| 300 |
|
|
|a 1 grafický list :
|b mědirytina, ručně kolorovaná ;
|c 45,5 x 58 cm na listu 58 x 66 cm
|
| 500 |
|
|
|a Na mapě je zakresleno 9 prospektů měst, pod kresbami jsou vysvětlivky a u některých i znak
|
| 505 |
2 |
0 |
|t Freyberg.
|g 13,5 x 16,5 cm. (016°17´35" v.d.--016°21´27" v.d./050°52´21" s.š.--050°50´27" s.š.) --
|t Landshut.
|g 13,5 x 27 cm. (016°00´40" v.d.--016°03´08" v.d./050°47´26" s.š.--050°46´05" s.š.) --
|t Privilegierte Gnaden Kirche zur heiligen Dreyfaltigkeit von Schweidnitz.
|g 13,5 x 16,5 cm. (016°27´25" v.d.--016°31´24" v.d./050°51´59" s.š.--050°49´27" s.š.) --
|t Reichenbach.
|g 13,5 x 15 cm. (016°36´48" v.d.--016°40´46" v.d./050°45´13" s.š.--050°42´31" s.š.) --
|t Schloß Fürstenstein von Mittag.
|g 13,5 x 15 cm. (016°36´48" v.d.--016°40´46" v.d./050°45´13" s.š.--050°42´31" s.š.) --
|t Schloß Fürstenstein von Morgen.
|g 13,5 x 15,5 cm. (018°13´28" v.d.--018°16´14" v.d./052°38´32" s.š.--052°37´17" s.š.) --
|t Schweidnitz.
|g 13,5 x 27 cm. (016°27´25" v.d.--016°31´24" v.d./050°51´59" s.š.--050°49´27" s.š.) --
|t Strigau.
|g 13,5 x 15,5 cm. (016°19´29" v.d.--016°22´24" v.d./050°58´36" s.š.--050°56´29" s.š.) --
|t Zobten.
|g 13,5 x 16,5 cm. (015°09´49" v.d.--015°11´27" v.d./050°28´21" s.š.--050°27´37" s.š.)
|
| 510 |
3 |
|
|a IKAR
|
| 510 |
4 |
|
|a Kuchař, K. Mapová sbírka B.P. Molla,
|c s. 243
|
| 590 |
|
|
|a Okraje mapy potrhané a zašpiněné
|
| 655 |
|
7 |
|a grafické listy
|7 fd132404
|2 czenas
|
| 655 |
|
7 |
|a veduty
|7 fd133805
|2 czenas
|
| 650 |
0 |
7 |
|a historické budovy
|7 ph120726
|2 czenas
|
| 650 |
0 |
4 |
|a Mollova mapová sbírka
|
| 650 |
0 |
7 |
|a mapové sbírky
|z Česko
|7 ph182407
|2 czenas
|
| 610 |
2 |
7 |
|a Moravská zemská knihovna (Brno, Česko).
|b Mapová sbírka B.P. Molla
|7 mzk2005304487
|2 czenas
|
| 610 |
2 |
7 |
|a Książ (zámek)
|7 mzk2014801343
|2 czenas
|
| 651 |
|
7 |
|a Svídnice (Polsko)
|7 ge131021
|2 czenas
|
| 651 |
|
7 |
|a Dzierżoniów (Polsko)
|7 ge523335
|2 czenas
|
| 651 |
|
7 |
|a Strzegom (Polsko)
|7 ge758520
|2 czenas
|
| 651 |
|
7 |
|a Świebodzice (Polsko)
|7 ge801348
|2 czenas
|
| 651 |
|
7 |
|a Sobótka (Polsko)
|7 ge545932
|2 czenas
|
| 651 |
|
7 |
|a Kamienna Góra (Polsko)
|7 ge550256
|2 czenas
|
| 856 |
4 |
1 |
|u http://mapy.mzk.cz/mzk03/001/029/762/2619321441
|y Digitalizovaný dokument
|
| 903 |
|
|
|a RP
|
| 910 |
|
|
|a BOA001
|b Moll-0001.882,06
|
| 978 |
|
|
|b Homann, Johann Baptista - dědici
|a Nürnberg
|c 1738
|
| 984 |
|
|
|a Norimberk
|b Německo
|
| 985 |
|
|
|a 1701-1750
|
| 990 |
|
|
|a GP
|
| 991 |
|
|
|k mzk
|